Integral Calculus : (Record no. 1644)
[ view plain ]
| 000 -LEADER | |
|---|---|
| fixed length control field | 00725nam a22002417a 4500 |
| 003 - CONTROL NUMBER IDENTIFIER | |
| control field | BD-DhBUF |
| 005 - DATE AND TIME OF LATEST TRANSACTION | |
| control field | 20230817110158.0 |
| 008 - FIXED-LENGTH DATA ELEMENTS--GENERAL INFORMATION | |
| fixed length control field | 180807r20122008ii a|||| |||| 001 0 eng d |
| 020 ## - INTERNATIONAL STANDARD BOOK NUMBER | |
| International Standard Book Number | 8185624917 |
| 040 ## - CATALOGING SOURCE | |
| Original cataloging agency | BD-CoBAI |
| Transcribing agency | BD-CoBAI |
| Modifying agency | BD-DhBUF |
| 082 ## - DEWEY DECIMAL CLASSIFICATION NUMBER | |
| Classification number | 515 |
| Edition number | 22 |
| Item number | D2601i 1996 |
| 100 ## - MAIN ENTRY--PERSONAL NAME | |
| Personal name | Das, B. C., |
| 245 ## - TITLE STATEMENT | |
| Title | Integral Calculus : |
| Remainder of title | including differential equation / |
| Statement of responsibility, etc. | B.C. Das and B.N. Mukherjee |
| 250 ## - EDITION STATEMENT | |
| Edition statement | 54th ed. |
| 260 ## - PUBLICATION, DISTRIBUTION, ETC. | |
| Place of publication, distribution, etc. | Kolkata: |
| Name of publisher, distributor, etc. | U.N.Dhur & Sons, |
| Date of publication, distribution, etc. | [2008] [reprint 2012]. |
| 300 ## - PHYSICAL DESCRIPTION | |
| Extent | xxxvi, 594 p. : |
| Other physical details | iilus.; |
| Dimensions | 18 cm. |
| 500 ## - GENERAL NOTE | |
| General note | Includes index. |
| 650 #0 - SUBJECT ADDED ENTRY--TOPICAL TERM | |
| Topical term or geographic name entry element | Mathematics. |
| 650 #0 - SUBJECT ADDED ENTRY--TOPICAL TERM | |
| Topical term or geographic name entry element | Integral Calculus. |
| 9 (RLIN) | 2138 |
| 650 #0 - SUBJECT ADDED ENTRY--TOPICAL TERM | |
| Topical term or geographic name entry element | Calculus. |
| 700 ## - ADDED ENTRY--PERSONAL NAME | |
| Personal name | Mukherjee, B. N. |
| 9 (RLIN) | 2905 |
| 942 ## - ADDED ENTRY ELEMENTS (KOHA) | |
| Source of classification or shelving scheme | Dewey Decimal Classification |
| Koha item type | Books |
| Withdrawn status | Lost status | Source of classification or shelving scheme | Damaged status | Not for loan | Home library | Current library | Shelving location | Date acquired | Total Checkouts | Full call number | Barcode | Date last seen | Copy number | Price effective from | Koha item type |
|---|---|---|---|---|---|---|---|---|---|---|---|---|---|---|---|
| Dewey Decimal Classification | BUFT Library | BUFT Library | General Stacks | 10/01/2012 | 515 D2601i 1996 | 2012-0079 | 08/17/2023 | C-1 | 08/17/2023 | Books | |||||
| Dewey Decimal Classification | BUFT Library | BUFT Library | General Stacks | 10/01/2012 | 515 D2601i 1996 | 2012-0080 | 08/17/2023 | C-2 | 08/17/2023 | Books |
